[Event "Yangon op"]
[Site "Yangon"]
[Date "2015.11.25"]
[Round "5"]
[White "Kyaw, Soe Oo"]
[Black "Nouri, Hamed"]
[Result "1/2-1/2"]
[WhiteElo "2154"]
[BlackElo "2330"]
[PlyCount "140"]
[EventDate "2015.11.23"]
[EventType "swiss"]
[EventRounds "9"]
[EventCountry "MYA"]
[SourceTitle "CBM 169 Extra"]
[Source "ChessBase"]
[SourceDate "2015.12.18"]
[SourceVersion "1"]
[SourceVersionDate "2015.12.18"]
[SourceQuality "1"]

1. d4 g6 2. e4 c5 3. d5 Bg7 4. c4 d6 5. Nc3 Nf6 6. Bd3 0-0 7. Nge2 e6 8. 0-0 a6 9. a4 exd5 10. cxd5 Re8 11. a5 Nbd7 12. Bg5 Rb8 13. Kh1 b5 14. axb6 Rxb6 15. Ra2 Qc7 16. f3 Ne5 17. Bc2 Qb8 18. Bc1 Rb4 19. f4 Ned7 20. Ng3 Qb6 21. Qf3 a5 22. Bd2 Qd8 23. Na4 h5 24. Bxb4 axb4 25. b3 Ng4 26. Bd3 Qh4 27. h3 Bd4 28. e5 Ndxe5 29. fxe5 Nxe5 30. Qf4 Qxf4 31. Rxf4 Nxd3 32. Re4 Re5 33. Nb6 Bf5 34. Rxe5 Bxe5 35. Nxf5 gxf5 36. Nc4 Bg3 37. Ra6 Nf2+ 38. Kg1 Ne4 39. Kf1 Kg7 40. Ke2 h4 41. Kd3 Kf6 42. Ke3 Ke7 43. Ra7+ Kf6 44. Ra6 Ke7 45. Ra7+ Kf6 46. Ra6 Bf2+ 47. Kf3 Bg3 48. Ke3 Bh2 49. Kf3 Be5 50. Ke3 Bg3 51. Kf3 Ng5+ 52. Ke3 Ke7 53. Ra7+ Kf6 54. Ra6 Ne4 55. Kf3 Kg5 56. Rc6 Kf6 57. Ra6 Be5 58. Ke3 Bh2 59. Kf3 Bg3 60. Ke3 Kg5 61. Kf3 Kf6 62. Ke3 Be5 63. Kf3 Ng5+ 64. Ke2 Ne4 65. Kf3 Bg3 66. Ke3 Ke7 67. Ra7+ Kf6 68. Ra6 Ke7 69. Ra7+ Kf6 70. Ra6 Ke7 1/2-1/2